[Event "Moscow Youth U19 2019"]
[Site "Moscow"]
[Date "2019.11.23"]
[Round "6.2"]
[White "Gurvich, Vitaly"]
[Black "Vetokhin, Savva"]
[Result "1-0"]
[WhiteElo "2265"]
[BlackElo "2081"]
[Annotator "NA"]
[PlyCount "145"]
[EventDate "2019.11.18"]
[EventType "swiss"]
[EventCountry "RUS"]
[SourceTitle "playchess.com"]
[Source "ChessBase"]
[SourceQuality "1"]
[TimeControl "5400+30"]

1. d4 {[%emt 0:01:51]} Nf6 {[%emt 0:00:00]} 2. c4 {[%emt 0:00:43]} e6 {[%emt 0:00:19]} 3. Nf3 {[%emt 0:00:02]} c5 {[%emt 0:00:25]} 4. d5 {[%emt 0:00:02]} exd5 {[%emt 0:00:16]} 5. cxd5 {[%emt 0:00:03]} d6 {[%emt 0:00:34]} 6. Nc3 {[%emt 0:00:07]} g6 {[%emt 0:00:40]} 7. Nd2 {[%emt 0:00:04]} Bg7 {[%emt 0:02:16]} 8. Nc4 {[%emt 0:00:04]} O-O {[%emt 0:07:37]} 9. Bf4 {[%emt 0:00:03]} Ne8 {[%emt 0:02:02]} 10. Qd2 {[%emt 0:01:42]} Bf6 {[%emt 0:10:00]} 11. e4 {[%emt 0:07:20]} Qe7 {[%emt 0:01:23]} 12. Bd3 {[%emt 0:17:24]} Nd7 {[%emt 0:02:35]} 13. Bg3 {[%emt 0:03:28]} Ne5 {[%emt 0:07:37]} 14. O-O {[%emt 0:05:12]} Bd7 {[%emt 0:04:45]} 15. a4 {[%emt 0:00:31]} Rd8 {[%emt 0:01:05]} 16. Rae1 {[%emt 0:16:45]} a6 {[%emt 0:06:53]} 17. Nb6 {[%emt 0:02:54]} Ng7 {[%emt 0:01:04]} 18. Be2 {[%emt 0:00:30]} Bc8 {[%emt 0:01:14]} 19. f4 {[%emt 0:02:32]} Nd7 {[%emt 0:00:15]} 20. Nxc8 {[%emt 0:01:20]} Rxc8 {[%emt 0:00:15]} 21. e5 {[%emt 0:01:55]} dxe5 {[%emt 0:00:59]} 22. Bg4 {[%emt 0:00:27]} e4 {[%emt 0:01:36]} 23. d6 {[%emt 0:06:26]} Qd8 {[%emt 0:00:30]} 24. Bxd7 {[%emt 0:02:45]} Bd4+ {[%emt 0:01:04]} 25. Bf2 {[%emt 0:02:06]} Qxd7 {[%emt 0:01:26]} 26. Bxd4 {[%emt 0:01:37]} cxd4 {[%emt 0:00:05]} 27. Qxd4 {[%emt 0:00:23]} Nf5 {[%emt 0:00:20]} 28. Nxe4 {[%emt 0:03:35]} Nxd4 {[%emt 0:00:26]} 29. Nf6+ {[%emt 0:00:01]} Kg7 {[%emt 0:00:08]} 30. Nxd7 {[%emt 0:00:03]} Rfd8 {[%emt 0:00:05]} 31. Re4 {[%emt 0:03:45]} Nf5 {[%emt 0:00:37]} 32. Nb6 {[%emt 0:00:17]} Rc6 {[%emt 0:00:06]} 33. a5 {[%emt 0:00:34]} Rdxd6 {[%emt 0:00:58]} 34. g4 {[%emt 0:01:04]} Nd4 {[%emt 0:01:10]} 35. Rf2 {[%emt 0:02:05]} Nb3 {[%emt 0:00:25]} 36. Nc4 {[%emt 0:00:29]} Rd5 {[%emt 0:00:17]} 37. f5 {[%emt 0:01:12]} Nxa5 {[%emt 0:00:34]} 38. Ne3 {[%emt 0:00:13]} Rd7 {[%emt 0:01:33]} 39. g5 {[%emt 0:01:52]} f6 {[%emt 0:00:36]} 40. Ng4 {[%emt 0:00:31]} gxf5 {[%emt 0:01:34]} 41. Rxf5 {[%emt 0:00:26]} Rd2 {[%emt 0:01:44]} 42. gxf6+ {[%emt 0:00:53]} Kf8 {[%emt 0:01:35]} 43. Re1 {[%emt 0:02:51]} Nc4 {[%emt 0:01:17]} 44. Rg5 {[%emt 0:02:16]} Ne3 {[%emt 0:04:41]} 45. Nxe3 {[%emt 0:00:56]} Rxf6 {[%emt 0:00:05]} 46. Rg2 {[%emt 0:00:17]} Rg6 {[%emt 0:00:00]} 47. Rxg6 {[%emt 0:00:11]} hxg6 {[%emt 0:00:01]} 48. b4 {[%emt 0:01:21]} Rb2 {[%emt 0:00:11]} 49. Nd5 {[%emt 0:00:16]} a5 {[%emt 0:00:39]} 50. bxa5 {[%emt 0:00:31]} Rb5 {[%emt 0:00:03]} 51. Nc3 {[%emt 0:00:59]} Rxa5 {[%emt 0:39:30]} 52. Rb1 {[%emt 0:00:02]} Rc5 {[%emt 0:00:00]} 53. Ne4 {[%emt 0:00:15]} Re5 {[%emt 0:00:00]} 54. Nd6 {[%emt 0:00:21]} Ke7 {[%emt 0:00:00]} 55. Nxb7 {[%emt 0:00:02]} Kd7 {[%emt 0:00:00]} 56. Rc1 {[%emt 0:00:04]} Ke6 {[%emt 0:00:00]} 57. Nc5+ {[%emt 0:00:26]} Kf5 {[%emt 0:00:00]} 58. Nd3 {[%emt 0:00:02]} Re3 {[%emt 0:00:00]} 59. Nf2 {[%emt 0:00:33]} Kg5 {[%emt 0:00:00]} 60. Kg2 {[%emt 0:00:09]} Kh5 {[%emt 0:00:00]} 61. Rc5+ {[%emt 0:00:13]} g5 {[%emt 0:00:00]} 62. Rf5 {[%emt 0:01:33]} Re8 {[%emt 0:00:00]} 63. Rf3 {[%emt 0:01:09]} Ra8 {[%emt 0:00:00]} 64. Ne4 {[%emt 0:00:32]} Ra4 {[%emt 0:00:00]} 65. Nf6+ {[%emt 0:00:50]} Kg6 {[%emt 0:00:00]} 66. h3 {[%emt 0:00:11]} Rb4 {[%emt 0:00:00]} 67. Ng4 {[%emt 0:00:05]} Kh5 {[%emt 0:00:00]} 68. Kg3 {[%emt 0:00:33]} Ra4 {[%emt 0:00:00]} 69. Re3 {[%emt 0:00:07]} Rb4 {[%emt 0:00:00]} 70. Nh2 {[%emt 0:00:04]} Ra4 {[%emt 0:00:00]} 71. Nf3 {[%emt 0:00:10]} Kh6 {[%emt 0:00:00]} 72. Re6+ {[%emt 0:00:17]} Kh5 {[%emt 0:00:00]} 73. Re5 {[%emt 0:00:10]} 1-0

[Event "Moscow Youth U19 2019"]
[Site "Moscow"]
[Date "2019.11.23"]
[Round "6.3"]
[White "Beliuga, Mikhail"]
[Black "Pavlov, Danila"]
[Result "0-1"]
[WhiteElo "1816"]
[BlackElo "2369"]
[Annotator "NA"]
[PlyCount "103"]
[EventDate "2019.11.18"]
[EventType "swiss"]
[EventCountry "RUS"]
[SourceTitle "playchess.com"]
[Source "ChessBase"]
[SourceQuality "1"]
[TimeControl "5400+30"]

1. d4 {[%emt 0:00:00]} Nf6 {[%emt 0:00:00]} 2. Nf3 {[%emt 0:00:00]} g6 {[%emt 0:00:00]} 3. g3 {[%emt 0:00:00]} Bg7 {[%emt 0:00:00]} 4. Bg2 {[%emt 1:32:00]} O-O {[%emt 0:00:00]} 5. O-O {[%emt 0:00:00]} d6 {[%emt 0:00:00]} 6. Nc3 {[%emt 0:00:00]} Nbd7 {[%emt 0:00:03]} 7. e4 {[%emt 0:00:00]} e5 {[%emt 0:00:22]} 8. a4 {[%emt 0:00:00]} a5 {[%emt 0:01:15]} 9. Re1 {[%emt 0:00:00]} c6 {[%emt 0:04:40]} 10. h3 {[%emt 0:00:00]} Qc7 {[%emt 0:03:20]} 11. Be3 {[%emt 0:00:00]} b6 {[%emt 0:08:50]} 12. Qd2 {[%emt 0:00:00]} Bb7 {[%emt 0:05:35]} 13. Rad1 {[%emt 0:00:00]} Rfd8 {[%emt 0:01:14]} 14. Qc1 {[%emt 0:00:00]} Rac8 {[%emt 0:01:55]} 15. Re2 {[%emt 0:00:00]} Nf8 {[%emt 0:13:29]} 16. Red2 {[%emt 0:00:00]} Ne6 {[%emt 0:00:37]} 17. dxe5 {[%emt 0:00:00]} dxe5 {[%emt 0:00:05]} 18. Rxd8+ {[%emt 0:00:00]} Rxd8 {[%emt 0:00:03]} 19. Rxd8+ {[%emt 0:00:00]} Nxd8 {[%emt 0:03:04]} 20. Nd2 {[%emt 0:00:00]} Ne6 {[%emt 0:03:08]} 21. Nb3 {[%emt 0:00:00]} c5 {[%emt 0:05:46]} 22. Nd5 {[%emt 0:00:00]} Nxd5 {[%emt 0:00:26]} 23. exd5 {[%emt 0:00:00]} Nd4 {[%emt 0:00:06]} 24. Bxd4 {[%emt 0:00:00]} cxd4 {[%emt 0:05:42]} 25. d6 {[%emt 0:00:00]} Qd7 {[%emt 0:00:29]} 26. Bxb7 {[%emt 0:00:00]} Qxb7 {[%emt 0:00:05]} 27. Qg5 {[%emt 0:00:00]} f6 {[%emt 0:04:44]} 28. Qg4 {[%emt 0:00:00]} f5 {[%emt 0:06:54]} 29. Qg5 {[%emt 0:00:00]} Qd7 {[%emt 0:32:38]} 30. Qe7 {[%emt 0:00:10]} Qxe7 {[%emt 0:00:00]} 31. dxe7 {[%emt 0:00:01]} Kf7 {[%emt 0:00:00]} 32. Nd2 {[%emt 0:00:05]} Kxe7 {[%emt 0:00:00]} 33. Nc4 {[%emt 0:00:01]} Ke6 {[%emt 0:00:00]} 34. Nxb6 {[%emt 0:00:31]} Bf6 {[%emt 0:00:00]} 35. Kf1 {[%emt 0:08:07]} Bd8 {[%emt 0:00:00]} 36. Nc4 {[%emt 0:00:02]} Kd5 {[%emt 0:00:00]} 37. Nd2 {[%emt 0:01:02]} Kc5 {[%emt 0:00:00]} 38. Ke2 {[%emt 0:00:01]} Kb4 {[%emt 0:00:00]} 39. Kd3 {[%emt 0:00:10]} Bg5 {[%emt 0:00:00]} 40. f4 {[%emt 0:05:31]} e4+ {[%emt 0:00:00]} 41. Kxd4 {[%emt 0:01:43]} Bf6+ {[%emt 0:00:00]} 42. Kd5 {[%emt 0:00:12]} Bxb2 {[%emt 0:00:00]} 43. c4 {[%emt 0:00:22]} e3 {[%emt 0:00:38]} 44. Nf3 {[%emt 0:00:01]} Kxa4 {[%emt 0:00:42]} 45. c5 {[%emt 0:00:24]} Bf6 {[%emt 0:00:08]} 46. c6 {[%emt 0:01:46]} Bd8 {[%emt 0:00:03]} 47. Kc4 {[%emt 0:00:03]} Ka3 {[%emt 0:01:42]} 48. Nd4 {[%emt 0:01:09]} Kb2 {[%emt 0:04:16]} 49. Kd3 {[%emt 0:00:02]} a4 {[%emt 0:00:28]} 50. Ne6 {[%emt 0:00:55]} Ba5 {[%emt 0:00:53]} 51. Nc5 {[%emt 0:00:41]} a3 {[%emt 0:00:14]} 52. Na4+ {[%emt 0:01:01]} 0-1

[Event "Moscow Youth U19 2019"]
[Site "Moscow"]
[Date "2019.11.23"]
[Round "6.4"]
[White "Fedorov, Nikita"]
[Black "Orlov, Aleksandr"]
[Result "1-0"]
[WhiteElo "2133"]
[BlackElo "1965"]
[Annotator "NA"]
[PlyCount "73"]
[EventDate "2019.11.18"]
[EventType "swiss"]
[EventCountry "RUS"]
[SourceTitle "playchess.com"]
[Source "ChessBase"]
[SourceQuality "1"]
[TimeControl "5400+30"]

1. e4 {[%emt 1:30:30]} e5 {[%emt 0:00:00]} 2. Nf3 {[%emt 0:00:00]} Nf6 {[%emt 0:00:00]} 3. Nxe5 {[%emt 0:00:00]} d6 {[%emt 0:00:00]} 4. Nf3 {[%emt 0:00:00]} Nxe4 {[%emt 0:00:00]} 5. Nc3 {[%emt 0:00:00]} Nxc3 {[%emt 0:00:00]} 6. dxc3 {[%emt 0:00:00]} Be7 {[%emt 0:00:01]} 7. Be3 {[%emt 0:00:00]} c5 {[%emt 0:00:06]} 8. Bc4 {[%emt 0:00:00]} O-O {[%emt 0:00:30]} 9. Qd3 {[%emt 0:00:00]} Qd7 {[%emt 0:09:35]} 10. O-O-O {[%emt 0:00:00]} Qf5 {[%emt 0:03:26]} 11. Qd2 {[%emt 0:00:00]} Nc6 {[%emt 0:03:21]} 12. h4 {[%emt 0:00:00]} Ne5 {[%emt 0:07:23]} 13. Nxe5 {[%emt 0:00:00]} dxe5 {[%emt 0:00:06]} 14. f3 {[%emt 0:00:00]} h5 {[%emt 0:06:14]} 15. Bd5 {[%emt 0:00:00]} Qg6 {[%emt 0:06:02]} 16. g4 {[%emt 0:00:00]} Rd8 {[%emt 0:02:38]} 17. gxh5 {[%emt 0:00:00]} Qxh5 {[%emt 0:00:44]} 18. Rdg1 {[%emt 0:00:00]} Bf6 {[%emt 0:03:27]} 19. Bg5 {[%emt 0:00:00]} Kf8 {[%emt 0:01:42]} 20. Bxf6 {[%emt 0:00:00]} gxf6 {[%emt 0:00:05]} 21. c4 {[%emt 0:00:00]} Bf5 {[%emt 0:10:08]} 22. Qf2 {[%emt 0:00:00]} Rac8 {[%emt 0:00:23]} 23. Bxb7 {[%emt 0:00:00]} Qh6+ {[%emt 0:01:22]} 24. f4 {[%emt 0:00:00]} Rc7 {[%emt 0:07:18]} 25. Bd5 {[%emt 0:00:00]} Re8 {[%emt 0:07:03]} 26. Re1 {[%emt 0:00:00]} Qxf4+ {[%emt 0:06:40]} 27. Qxf4 {[%emt 0:00:00]} exf4 {[%emt 0:00:05]} 28. Rxe8+ {[%emt 0:00:00]} Kxe8 {[%emt 0:00:05]} 29. Rf1 {[%emt 0:00:00]} Bg4 {[%emt 0:04:28]} 30. Rxf4 {[%emt 0:00:00]} f5 {[%emt 0:00:05]} 31. Bf3 {[%emt 0:00:00]} Bh3 {[%emt 0:01:14]} 32. h5 {[%emt 0:00:00]} Bf1 {[%emt 0:05:18]} 33. Rh4 {[%emt 0:00:00]} Kf8 {[%emt 0:01:51]} 34. b3 {[%emt 0:00:00]} Re7 {[%emt 0:00:09]} 35. h6 {[%emt 0:00:00]} Kg8 {[%emt 0:00:07]} 36. Rh1 {[%emt 0:00:00]} Be2 {[%emt 0:00:22]} 37. Re1 {[%emt 0:00:00]} 1-0

[Event "Moscow Youth U19 2019"]
[Site "Moscow"]
[Date "2019.11.23"]
[Round "6.5"]
[White "Buniatyan, David"]
[Black "Rysaev, Danial"]
[Result "1-0"]
[WhiteElo "1960"]
[BlackElo "2029"]
[Annotator "NA"]
[PlyCount "94"]
[EventDate "2019.11.18"]
[EventType "swiss"]
[EventCountry "RUS"]
[SourceTitle "playchess.com"]
[Source "ChessBase"]
[SourceQuality "1"]
[TimeControl "5400+30"]

1. e4 {[%emt 0:00:00]} e6 {[%emt 0:01:37]} 2. d4 {[%emt 0:00:00]} d5 {[%emt 0:00:05]} 3. Nd2 {[%emt 0:00:10]} Nf6 {[%emt 0:00:05]} 4. e5 {[%emt 0:00:10]} Nfd7 {[%emt 0:00:06]} 5. c3 {[%emt 0:00:12]} c5 {[%emt 0:00:05]} 6. Bd3 {[%emt 0:00:07]} Nc6 {[%emt 0:00:06]} 7. Ngf3 {[%emt 0:00:12]} Qb6 {[%emt 0:01:02]} 8. O-O {[%emt 0:00:16]} cxd4 {[%emt 0:00:04]} 9. cxd4 {[%emt 0:00:03]} Nxd4 {[%emt 0:00:05]} 10. Nxd4 {[%emt 0:00:08]} Qxd4 {[%emt 0:00:01]} 11. Nf3 {[%emt 0:00:09]} Qb6 {[%emt 0:00:05]} 12. Qc2 {[%emt 0:00:08]} g6 {[%emt 0:16:45]} 13. Be3 {[%emt 0:06:20]} Qd8 {[%emt 0:00:19]} 14. Rac1 {[%emt 0:02:27]} Bg7 {[%emt 0:00:13]} 15. Bg5 {[%emt 0:07:11]} f6 {[%emt 0:00:07]} 16. exf6 {[%emt 0:09:52]} Bxf6 {[%emt 0:04:01]} 17. Bh6 {[%emt 0:17:51]} Kf7 {[%emt 0:07:54]} 18. Qd2 {[%emt 0:03:58]} Re8 {[%emt 0:00:53]} 19. Rfe1 {[%emt 0:01:08]} Kg8 {[%emt 0:02:08]} 20. Ng5 {[%emt 0:02:25]} Ne5 {[%emt 0:01:11]} 21. Be2 {[%emt 0:04:39]} Nc6 {[%emt 0:03:43]} 22. h4 {[%emt 0:06:26]} Nd4 {[%emt 0:01:46]} 23. Bd3 {[%emt 0:01:24]} e5 {[%emt 0:00:25]} 24. h5 {[%emt 0:02:59]} Bf5 {[%emt 0:02:17]} 25. Bxf5 {[%emt 0:06:54]} Nxf5 {[%emt 0:00:06]} 26. Nh3 {[%emt 0:00:21]} Nxh6 {[%emt 0:01:04]} 27. Qxh6 {[%emt 0:00:02]} Bg7 {[%emt 0:00:18]} 28. Qe3 {[%emt 0:00:47]} Qb6 {[%emt 0:01:19]} 29. Qg3 {[%emt 0:28:11]} Rac8 {[%emt 0:02:27]} 30. hxg6 {[%emt 0:00:00]} hxg6 {[%emt 0:00:31]} 31. Qg4 {[%emt 0:00:00]} Rxc1 {[%emt 0:01:16]} 32. Rxc1 {[%emt 0:00:00]} Rf8 {[%emt 0:01:46]} 33. Rc2 {[%emt 0:00:00]} Qd6 {[%emt 0:01:54]} 34. Ng5 {[%emt 0:00:00]} Rf5 {[%emt 0:03:00]} 35. Qh4 {[%emt 0:00:00]} Rxg5 {[%emt 0:04:54]} 36. Qxg5 {[%emt 0:00:00]} d4 {[%emt 0:00:31]} 37. Rc8+ {[%emt 0:00:00]} Bf8 {[%emt 0:00:53]} 38. Qd8 {[%emt 0:00:00]} Qxd8 {[%emt 0:01:07]} 39. Rxd8 {[%emt 0:00:00]} Kf7 {[%emt 0:00:19]} 40. Rd7+ {[%emt 0:00:00]} Ke6 {[%emt 0:00:06]} 41. Rxb7 {[%emt 0:00:00]} Bc5 {[%emt 0:00:46]} 42. b4 {[%emt 0:00:00]} Bb6 {[%emt 0:43:40]} 43. a4 {[%emt 0:00:00]} d3 {[%emt 0:00:00]} 44. Kf1 {[%emt 0:00:00]} g5 {[%emt 0:00:00]} 45. a5 {[%emt 0:00:00]} Bd4 {[%emt 0:00:00]} 46. b5 {[%emt 0:00:00]} Kd6 {[%emt 0:00:00]} 47. a6 {[%emt 0:09:00]} Kd5 {[%emt 0:02:30]} 1-0

[Event "Moscow Youth U19 2019"]
[Site "Moscow"]
[Date "2019.11.23"]
[Round "6.6"]
[White "Gotsiuk, Denis"]
[Black "Shlykov, Yaroslav"]
[Result "1/2-1/2"]
[WhiteElo "1976"]
[BlackElo "1623"]
[Annotator "NA"]
[PlyCount "45"]
[EventDate "2019.11.18"]
[EventType "swiss"]
[EventCountry "RUS"]
[SourceTitle "playchess.com"]
[Source "ChessBase"]
[SourceQuality "1"]
[TimeControl "5400+30"]

1. d4 {[%emt 0:00:00]} Nf6 {[%emt 0:00:00]} 2. Nf3 {[%emt 0:00:00]} g6 {[%emt 0:00:00]} 3. Nbd2 {[%emt 0:00:00]} d6 {[%emt 0:00:13]} 4. e4 {[%emt 0:00:00]} Bg7 {[%emt 0:00:17]} 5. c3 {[%emt 0:00:09]} O-O {[%emt 0:00:08]} 6. Bd3 {[%emt 0:00:05]} e5 {[%emt 0:00:26]} 7. dxe5 {[%emt 0:00:23]} dxe5 {[%emt 1:32:26]} 8. Nc4 {[%emt 0:00:15]} Nc6 {[%emt 0:02:33]} 9. O-O {[%emt 0:00:10]} Qe7 {[%emt 0:00:14]} 10. Ne3 {[%emt 0:03:42]} Rd8 {[%emt 0:01:42]} 11. Qc2 {[%emt 0:04:13]} h6 {[%emt 0:01:09]} 12. b4 {[%emt 0:01:27]} Be6 {[%emt 0:12:26]} 13. Bb2 {[%emt 0:22:32]} Ng4 {[%emt 0:06:29]} 14. Nxg4 {[%emt 0:21:22]} Bxg4 {[%emt 0:00:07]} 15. Qe2 {[%emt 0:00:09]} Qf6 {[%emt 0:09:28]} 16. Rfd1 {[%emt 0:01:35]} g5 {[%emt 0:02:00]} 17. Qe3 {[%emt 0:04:23]} Ne7 {[%emt 0:00:31]} 18. Be2 {[%emt 0:01:04]} Qb6 {[%emt 0:00:27]} 19. Qxb6 {[%emt 0:07:14]} axb6 {[%emt 0:00:07]} 20. Rxd8+ {[%emt 0:00:35]} Rxd8 {[%emt 0:00:05]} 21. Rd1 {[%emt 0:00:32]} Rxd1+ {[%emt 0:00:05]} 22. Bxd1 {[%emt 0:00:17]} Be6 {[%emt 1:02:28]} 23. Nxe5 1/2-1/2

[Event "Moscow Youth U19 2019"]
[Site "Moscow"]
[Date "2019.11.23"]
[Round "6.7"]
[White "Sekoyan, Vachagan"]
[Black "Usov, Aleksandr E."]
[Result "0-1"]
[WhiteElo "2084"]
[BlackElo "1930"]
[Annotator "NA"]
[PlyCount "108"]
[EventDate "2019.11.18"]
[EventType "swiss"]
[EventCountry "RUS"]
[SourceTitle "playchess.com"]
[Source "ChessBase"]
[SourceQuality "1"]
[TimeControl "5400+30"]

1. d4 {[%emt 0:00:00]} d5 {[%emt 0:18:55]} 2. c4 {[%emt 0:00:00]} c6 {[%emt 0:00:03]} 3. cxd5 {[%emt 0:00:00]} cxd5 {[%emt 0:00:04]} 4. Bf4 {[%emt 0:00:00]} Nc6 {[%emt 0:00:07]} 5. e3 {[%emt 0:00:00]} Nf6 {[%emt 0:00:30]} 6. Nc3 {[%emt 0:01:05]} Bg4 {[%emt 0:00:39]} 7. Qb3 {[%emt 0:03:37]} Qd7 {[%emt 0:00:10]} 8. Bd3 {[%emt 0:05:38]} e6 {[%emt 0:00:23]} 9. Nge2 {[%emt 0:00:34]} Be7 {[%emt 0:01:58]} 10. O-O {[%emt 0:02:10]} O-O {[%emt 0:00:45]} 11. Rac1 {[%emt 0:10:08]} Bxe2 {[%emt 0:05:39]} 12. Bxe2 {[%emt 0:05:27]} Ne8 {[%emt 0:00:16]} 13. Na4 {[%emt 0:04:33]} g5 {[%emt 0:04:03]} 14. Bg3 {[%emt 0:00:24]} f5 {[%emt 0:00:34]} 15. Be5 {[%emt 0:09:14]} Bd6 {[%emt 0:05:37]} 16. Bxd6 {[%emt 0:11:30]} Nxd6 {[%emt 0:00:13]} 17. Nc5 {[%emt 0:00:04]} Qe7 {[%emt 0:00:09]} 18. Qa4 {[%emt 0:10:07]} Rfc8 {[%emt 0:06:41]} 19. Rc2 {[%emt 0:06:10]} a6 {[%emt 0:07:48]} 20. Qa3 {[%emt 0:05:43]} b5 {[%emt 0:16:25]} 21. Nxa6 {[%emt 0:06:52]} Nxd4 {[%emt 0:00:10]} 22. Rxc8+ {[%emt 0:02:07]} Nxc8 {[%emt 0:00:07]} 23. exd4 {[%emt 0:01:03]} Qxa3 {[%emt 0:00:06]} 24. bxa3 {[%emt 0:00:02]} Rxa6 {[%emt 0:00:12]} 25. Bxb5 {[%emt 0:00:15]} Rxa3 {[%emt 0:00:07]} 26. Bd7 {[%emt 0:00:37]} Ne7 {[%emt 0:00:09]} 27. Bxe6+ {[%emt 0:04:21]} Kg7 {[%emt 0:00:12]} 28. Ra1 {[%emt 0:02:41]} Ra7 {[%emt 0:01:12]} 29. g4 {[%emt 0:00:16]} f4 {[%emt 0:00:16]} 30. Re1 {[%emt 0:02:22]} Rxa2 {[%emt 0:02:45]} 31. Rd1 {[%emt 0:07:09]} Ra7 {[%emt 0:00:37]} 32. h3 {[%emt 0:00:57]} Kf6 {[%emt 0:00:16]} 33. Re1 {[%emt 0:00:00]} Ra4 {[%emt 0:00:38]} 34. Bd7 {[%emt 0:01:54]} Rxd4 {[%emt 0:00:12]} 35. Re6+ {[%emt 0:00:00]} Kf7 {[%emt 0:00:05]} 36. h4 {[%emt 0:00:11]} gxh4 {[%emt 0:03:03]} 37. Rh6 {[%emt 0:00:08]} Ng6 {[%emt 0:01:19]} 38. Rxh7+ {[%emt 0:00:20]} Kf6 {[%emt 0:00:06]} 39. Bf5 {[%emt 0:00:19]} Ne5 {[%emt 0:01:14]} 40. Rh6+ {[%emt 0:00:33]} Kf7 {[%emt 0:02:08]} 41. Kg2 {[%emt 0:01:15]} f3+ {[%emt 0:02:13]} 42. Kh3 {[%emt 0:00:28]} Rd2 {[%emt 0:01:17]} 43. Rh7+ {[%emt 0:00:09]} Kf6 {[%emt 0:01:08]} 44. Rh6+ {[%emt 0:00:15]} Kg5 {[%emt 0:00:04]} 45. Rh5+ {[%emt 0:00:17]} Kf4 {[%emt 0:00:23]} 46. Bh7 {[%emt 0:00:31]} Rxf2 {[%emt 0:01:07]} 47. Rf5+ {[%emt 0:01:08]} Ke4 {[%emt 0:00:03]} 48. Rh5+ {[%emt 0:00:43]} Kd4 {[%emt 0:00:14]} 49. Rxh4 {[%emt 0:00:10]} Rg2 {[%emt 0:00:13]} 50. g5+ {[%emt 0:00:29]} Ke3 {[%emt 0:00:08]} 51. Ra4 {[%emt 0:01:02]} Rxg5 {[%emt 0:00:27]} 52. Ra3+ {[%emt 0:00:02]} Kf4 {[%emt 0:00:09]} 53. Bg6 {[%emt 0:00:22]} Rg3+ {[%emt 0:00:16]} 54. Kh2 {[%emt 0:00:05]} Ng4+ {[%emt 0:00:05]} 0-1

[Event "Moscow Youth U19 2019"]
[Site "Moscow"]
[Date "2019.11.23"]
[Round "6.8"]
[White "Zavialov, Nikita A."]
[Black "Miroshnik, Ekaterina"]
[Result "0-1"]
[WhiteElo "2066"]
[BlackElo "2127"]
[Annotator "NA"]
[PlyCount "72"]
[EventDate "2019.11.18"]
[EventType "swiss"]
[EventCountry "RUS"]
[SourceTitle "playchess.com"]
[Source "ChessBase"]
[SourceQuality "1"]
[TimeControl "5400+30"]

1. e4 {[%emt 0:00:00]} d6 {[%emt 0:00:00]} 2. Nf3 {[%emt 0:00:00]} Nf6 {[%emt 0:00:37]} 3. Nc3 {[%emt 0:00:00]} e5 {[%emt 0:00:13]} 4. d4 {[%emt 1:32:00]} Nbd7 {[%emt 0:00:04]} 5. a4 {[%emt 0:09:25]} Be7 {[%emt 0:00:33]} 6. a5 {[%emt 0:01:51]} O-O {[%emt 0:01:01]} 7. Be2 {[%emt 0:06:37]} c6 {[%emt 0:01:59]} 8. O-O {[%emt 0:10:12]} Re8 {[%emt 0:03:46]} 9. Re1 {[%emt 0:24:50]} Bf8 {[%emt 1:26:17]} 10. Bc4 {[%emt 0:03:21]} h6 {[%emt 0:00:09]} 11. d5 {[%emt 0:01:29]} Qc7 {[%emt 0:14:42]} 12. Ra3 {[%emt 0:09:52]} b5 {[%emt 0:05:16]} 13. dxc6 {[%emt 0:06:59]} bxc4 {[%emt 0:00:13]} 14. cxd7 {[%emt 0:00:04]} Bxd7 {[%emt 0:00:20]} 15. Nd5 {[%emt 0:03:26]} Nxd5 {[%emt 0:01:22]} 16. exd5 {[%emt 0:00:08]} Rab8 {[%emt 0:12:18]} 17. Nh4 {[%emt 0:05:28]} Rb5 {[%emt 0:09:30]} 18. Qh5 {[%emt 0:10:15]} Rxd5 {[%emt 0:20:55]} 19. Bxh6 {[%emt 0:00:27]} Rxa5 {[%emt 0:04:06]} 20. Rea1 {[%emt 0:01:58]} c3 {[%emt 0:04:58]} 21. Rxa5 {[%emt 0:02:24]} cxb2 {[%emt 0:00:07]} 22. h3 {[%emt 0:00:56]} Qxa5 {[%emt 0:01:12]} 23. Rxa5 {[%emt 0:00:18]} b1=Q+ {[%emt 0:00:05]} 24. Kh2 {[%emt 0:00:09]} gxh6 {[%emt 0:02:17]} 25. Ra3 {[%emt 0:00:48]} Bg7 {[%emt 0:01:07]} 26. Nf5 {[%emt 0:00:42]} Bxf5 {[%emt 0:00:33]} 27. Qxf5 {[%emt 0:00:03]} Qb6 {[%emt 0:01:13]} 28. Rf3 {[%emt 0:00:26]} Qc7 {[%emt 0:01:29]} 29. Qe4 {[%emt 0:00:43]} Qd7 {[%emt 0:00:37]} 30. c4 {[%emt 0:00:19]} Qe6 {[%emt 0:00:21]} 31. Qb7 {[%emt 0:00:24]} Qxc4 {[%emt 0:12:59]} 32. Qxa7 {[%emt 0:01:45]} Qe6 {[%emt 0:00:04]} 33. Rg3 {[%emt 0:00:25]} Kh8 {[%emt 0:00:08]} 34. Rf3 {[%emt 0:00:22]} Rf8 {[%emt 0:00:26]} 35. Rg3 {[%emt 0:00:44]} e4 {[%emt 0:00:08]} 36. Qc7 {[%emt 0:00:34]} Be5 {[%emt 0:00:14]} 0-1